<?xml version="1.0" encoding="UTF-8"?>
<record
    xmlns:xsi="http://www.w3.org/2001/XMLSchema-instance"
    xsi:schemaLocation="http://www.loc.gov/MARC21/slim http://www.loc.gov/standards/marcxml/schema/MARC21slim.xsd"
    xmlns="http://www.loc.gov/MARC21/slim">

  <leader>00243nam a22001217a 4500</leader>
  <datafield tag="040" ind1=" " ind2=" ">
    <subfield code="c">SK</subfield>
  </datafield>
  <datafield tag="082" ind1=" " ind2=" ">
    <subfield code="a">828</subfield>
  </datafield>
  <datafield tag="100" ind1=" " ind2=" ">
    <subfield code="a">COCHE A.G.</subfield>
  </datafield>
  <datafield tag="245" ind1=" " ind2=" ">
    <subfield code="a">Water for freshwater fish culture</subfield>
  </datafield>
  <datafield tag="260" ind1=" " ind2=" ">
    <subfield code="a">ROOME</subfield>
    <subfield code="b">COC</subfield>
    <subfield code="c">1981</subfield>
  </datafield>
  <datafield tag="300" ind1=" " ind2=" ">
    <subfield code="a">111p.</subfield>
  </datafield>
  <datafield tag="942" ind1=" " ind2=" ">
    <subfield code="c">EK</subfield>
  </datafield>
  <datafield tag="999" ind1=" " ind2=" ">
    <subfield code="c">9034</subfield>
    <subfield code="d">9034</subfield>
  </datafield>
  <datafield tag="952" ind1=" " ind2=" ">
    <subfield code="0">0</subfield>
    <subfield code="1">0</subfield>
    <subfield code="4">0</subfield>
    <subfield code="6">828_000000000000000_COC_1981_C306</subfield>
    <subfield code="7">0</subfield>
    <subfield code="9">50534</subfield>
    <subfield code="a">LBC</subfield>
    <subfield code="b">LBC</subfield>
    <subfield code="c">C306</subfield>
    <subfield code="d">2016-08-23</subfield>
    <subfield code="o">828 COC 1981 C306</subfield>
    <subfield code="p">RUA036529</subfield>
    <subfield code="r">2016-08-23</subfield>
    <subfield code="y">EK</subfield>
  </datafield>
  <datafield tag="952" ind1=" " ind2=" ">
    <subfield code="0">0</subfield>
    <subfield code="1">0</subfield>
    <subfield code="4">0</subfield>
    <subfield code="6">828_000000000000000_COC_1981_C306</subfield>
    <subfield code="7">0</subfield>
    <subfield code="9">50535</subfield>
    <subfield code="a">LBC</subfield>
    <subfield code="b">LBC</subfield>
    <subfield code="c">C306</subfield>
    <subfield code="d">2016-08-23</subfield>
    <subfield code="o">828 COC 1981 C306</subfield>
    <subfield code="p">RUA036469</subfield>
    <subfield code="r">2016-08-23</subfield>
    <subfield code="y">EK</subfield>
  </datafield>
  <datafield tag="952" ind1=" " ind2=" ">
    <subfield code="0">0</subfield>
    <subfield code="1">0</subfield>
    <subfield code="4">0</subfield>
    <subfield code="6">828_000000000000000_COC_1981_C306</subfield>
    <subfield code="7">0</subfield>
    <subfield code="9">50537</subfield>
    <subfield code="a">LBC</subfield>
    <subfield code="b">LBC</subfield>
    <subfield code="c">C306</subfield>
    <subfield code="d">2016-08-23</subfield>
    <subfield code="o">828 COC 1981 C306</subfield>
    <subfield code="p">RUA061325</subfield>
    <subfield code="r">2016-08-23</subfield>
    <subfield code="y">EK</subfield>
  </datafield>
</record>
